| 000 | 00971cab a2200241 4500 | ||
|---|---|---|---|
| 001 | ABS58949 | ||
| 008 | 090401t1998 xxu||||| |||| 00| 0 eng d | ||
| 035 | _a(Sirsi) u87077 | ||
| 041 | 0 | _aeng | |
| 100 | 1 | _aGuy, R. | |
| 245 | 0 | 4 | _aThe expert witness |
| 260 | _c1998 | ||
| 350 | _a0 | ||
| 490 | 0 |
_aIRRV Insight _v(5) June 1998, 136-137(2) |
|
| 520 | _aThe first of two articles discusses the RICS Guidance Note, "Surveyors acting as expert witnesses" (ISBN 0854068139), and considers whether a reappraisal of the rating surveyor's role is needed. | ||
| 650 | 2 | 4 | _aENGLISH EXPORTERS V ELDONWALL LTD |
| 650 | 2 | 4 | _aNATIONAL JUSTICE COMPANIA V PRUDENTIAL ASSURANCE CO LTD |
| 650 | 2 | 4 | _aSURVEYORS ACTING AS EXPERT WITNESSES RICS PRACTICE STATEMENT AND GUIDANCE NOTE |
| 651 | 4 |
_aEngland and Wales _y1543- |
|
| 690 | _aMANAGEMENT-DISPUTE AVOIDANCE, MANAGEMENT AND RESOLUTION-DISPUTE MANAGEMENT AND RESOLUTION-EXPERT WITNESSES | ||
| 942 | _n0 | ||
| 948 | _c29/06/1998 | ||
| 999 |
_c54872 _d54872 |
||